000 00755cam a2200229 4500
001 WB364010
008 000000n2000 000 0 eng u
035 _a(Sirsi) u108756
245 _aPPP contracts deliver NHS plan
260 _c2000
490 _aContract Journal
_v405(6297) 4 October 2000, 1(1)
520 _aNHS Estates has teamed up with Partnerships UK to launch a £1bn public partnership to build 500 one-stop primary care centres by 2004.
590 _aWB
650 _aPRIVATE FINANCE INITIATIVE
650 _aPFI
650 _aNHS ESTATES
650 _aPARTNERSHIPS UK
650 0 _aPUBLIC PRIVATE PARTNERSHIPS
650 0 _aPRIMARY CARE CENTRES
690 _aMANAGEMENT-BUSINESS MANAGEMENT-FINANCIAL MANAGEMENT
942 _n0
999 _c64927
_d64927